[Event "III Memorial Pedro Lezcano Montalvo 10"]
[Site "Gran Canaria (ESP)"]
[Date "2010.04.02"]
[Round "7.8"]
[White "Rodriguez Melian, Jose Luis"]
[Black "Lopez Colon, Francisco"]
[Result "1/2-1/2"]
[WhiteElo "2084"]
[BlackElo "2245"]
[PlyCount "141"]
[EventDate "2010.03.29"]
[EventType "swiss"]
[EventRounds "9"]
[EventCountry "ESP"]
[Source "Arranz, Pablo"]
[SourceDate "2010.03.29"]

1. d4 g6 2. c4 Bg7 3. e4 c5 4. d5 d6 5. Bd3 Nf6 6. Nc3 O-O 7. h3 e6 8. Nf3 exd5
9. cxd5 a6 10. a4 Re8 11. O-O Nbd7 12. Bf4 Qe7 13. Nd2 Nh5 14. Bh2 Ne5 15. Be2
Nf6 16. f4 Ned7 17. Bf3 Rd8 18. Nc4 Ne8 19. Qe2 f6 20. Rae1 Rb8 21. a5 b5 22.
axb6 Nxb6 23. Na5 Bb7 24. Kh1 Rdc8 25. Bg4 Rc7 26. Be6+ Kh8 27. e5 f5 28. g4
Qxe6 29. Nxb7 Nxd5 30. Nxd6 Nxc3 31. bxc3 Nxd6 32. exd6 Qxd6 33. Qf3 Qc6 34.
gxf5 gxf5 35. c4 Bd4 36. Bg1 Qxf3+ 37. Rxf3 Rb4 38. Ra3 Rc6 39. Bxd4+ cxd4 40.
Rg3 Rg6 41. Rxg6 hxg6 42. Re6 Rxc4 43. Rxa6 d3 44. Rd6 Rc3 45. Kg2 Kg7 46. Rd8
Kf7 47. Kf2 d2 48. Rxd2 Rxh3 49. Rd6 Kg7 50. Rd8 Ra3 51. Rd1 Ra6 52. Kg3 Kf6
53. Rc1 Ke6 54. Rc5 Kd6 55. Rb5 Rc6 56. Kh4 Rc1 57. Rb6+ Kd5 58. Kg3 Ke4 59.
Rb4+ Ke3 60. Rb3+ Kd2 61. Rb2+ Kd3 62. Rb6 Rc3 63. Rxg6 Ke4+ 64. Kf2 Kxf4 65.
Ra6 Rc2+ 66. Kf1 Kg4 67. Ra3 f4 68. Rb3 Rc1+ 69. Kf2 Rc2+ 70. Kf1 f3 71. Rb8
1/2-1/2

[Event "III Memorial Pedro Lezcano Montalvo 10"]
[Site "Gran Canaria (ESP)"]
[Date "2010.04.02"]
[Round "7.9"]
[White "Morales Camacho, Julian"]
[Black "Martin Hernandez, Ruben"]
[Result "1/2-1/2"]
[WhiteElo "2240"]
[BlackElo "1998"]
[PlyCount "31"]
[EventDate "2010.03.29"]
[EventType "swiss"]
[EventRounds "9"]
[EventCountry "ESP"]
[Source "Arranz, Pablo"]
[SourceDate "2010.03.29"]

1. d4 Nf6 2. Nf3 e6 3. c4 d5 4. g3 Bb4+ 5. Bd2 Be7 6. Bg2 c6 7. O-O O-O 8. Bf4
b6 9. Nc3 Bb7 10. Ne5 Nbd7 11. e4 Nxe5 12. dxe5 Nxe4 13. Nxe4 dxe4 14. Bxe4 Qc7
15. Qh5 g6 16. Qf3 1/2-1/2

[Event "III Memorial Pedro Lezcano Montalvo 10"]
[Site "Gran Canaria (ESP)"]
[Date "2010.04.02"]
[Round "7.10"]
[White "Alvarado Ascanio, Francisco"]
[Black "Navarro Molina, David"]
[Result "1-0"]
[WhiteElo "2230"]
[BlackElo "1967"]
[PlyCount "57"]
[EventDate "2010.03.29"]
[EventType "swiss"]
[EventRounds "9"]
[EventCountry "ESP"]
[Source "Arranz, Pablo"]
[SourceDate "2010.03.29"]

1. d4 Nf6 2. Nf3 e6 3. e3 c5 4. Bd3 cxd4 5. exd4 Be7 6. O-O O-O 7. b3 b6 8. Qe2
Bb7 9. c4 d5 10. Bb2 Nc6 11. Nbd2 dxc4 12. bxc4 Re8 13. Rad1 Rc8 14. Rc1 Ba6
15. Rfd1 Rc7 16. Nf1 Qc8 17. Ne3 Nb4 18. Bb1 Qb7 19. Ne5 Qc8 20. Qf3 Nc6 21. d5
exd5 22. Nxd5 Nxe5 23. Bxe5 Nxd5 24. Bf5 Qa8 25. Be4 Bf8 26. Bxc7 Rxe4 27. Qxe4
Nxc7 28. Qxa8 Nxa8 29. Rd7 1-0

[Event "III Memorial Pedro Lezcano Montalvo 10"]
[Site "Gran Canaria (ESP)"]
[Date "2010.04.02"]
[Round "7.11"]
[White "Gutierrez Olivares, Daniel"]
[Black "Cruz Pino, Adrian"]
[Result "1-0"]
[WhiteElo "2190"]
[BlackElo "1808"]
[PlyCount "61"]
[EventDate "2010.03.29"]
[EventType "swiss"]
[EventRounds "9"]
[EventCountry "ESP"]
[Source "Arranz, Pablo"]
[SourceDate "2010.03.29"]

1. c4 Nf6 2. Nc3 c5 3. g3 g6 4. Bg2 Bg7 5. e3 d6 6. Nge2 Nc6 7. a3 Bd7 8. Rb1
b6 9. b4 Rb8 10. O-O Ne5 11. d3 Bc6 12. f4 Bxg2 13. fxe5 Bxf1 14. exf6 Bxf6 15.
Qxf1 e6 16. Ne4 Bg7 17. Qf4 O-O 18. Qxd6 Qxd6 19. Nxd6 Rfd8 20. bxc5 bxc5 21.
Rxb8 Rxb8 22. Ne4 Rb1 23. Kf2 Bf8 24. Ke1 h6 25. Kd2 f5 26. N4c3 Rb7 27. d4
cxd4 28. exd4 Kf7 29. Kd3 g5 30. c5 e5 31. c6 1-0

[Event "III Memorial Pedro Lezcano Montalvo 10"]
[Site "Gran Canaria (ESP)"]
[Date "2010.04.02"]
[Round "7.12"]
[White "Ramirez Medina, Oscar"]
[Black "Camino Carrio, Nicanor"]
[Result "0-1"]
[WhiteElo "1914"]
[BlackElo "2128"]
[PlyCount "100"]
[EventDate "2010.03.29"]
[EventType "swiss"]
[EventRounds "9"]
[EventCountry "ESP"]
[Source "Arranz, Pablo"]
[SourceDate "2010.03.29"]

1. Nf3 Nf6 2. g3 g6 3. Bg2 Bg7 4. O-O O-O 5. d3 d5 6. Nbd2 Nc6 7. Re1 e5 8. e4
dxe4 9. dxe4 Be6 10. c3 h6 11. Qe2 Qd7 12. Nc4 Nh5 13. Be3 Rad8 14. Bd2 Qd3 15.
Qxd3 Rxd3 16. Ne3 Rfd8 17. Re2 Nf6 18. Nf1 Bg4 19. Re3 Rxe3 20. Bxe3 Nxe4 21.
Nxe5 Nxe5 22. Bxe4 b6 23. Kg2 Nc4 24. Bf4 Nxb2 25. Bxc7 Rc8 26. Bf4 Rxc3 27.
Ne3 Be6 28. Bb8 a5 29. Rb1 Rc8 30. Bd6 Bxa2 31. Re1 Nc4 32. Nd5 Nxd6 33. Ne7+
Kf8 34. Nxc8 Nxc8 35. Rd1 Ke7 36. Re1 Be6 37. f4 a4 38. g4 a3 39. Bb1 Kd6 40.
Rd1+ Kc5 41. h4 Nd6 42. Rc1+ Kb4 43. Rd1 Nc4 44. Kf3 Nb2 45. Rd6 Kc5 46. Rxe6
fxe6 47. Ba2 Nc4 48. Ke4 b5 49. f5 gxf5+ 50. gxf5 Nd6+ 0-1

[Event "III Memorial Pedro Lezcano Montalvo 10"]
[Site "Gran Canaria (ESP)"]
[Date "2010.04.02"]
[Round "7.13"]
[White "Cabrera Trujillo, Jorge"]
[Black "Mayor Gonzalez, Julio"]
[Result "1-0"]
[WhiteElo "2370"]
[BlackElo "1913"]
[PlyCount "53"]
[EventDate "2010.03.29"]
[EventType "swiss"]
[EventRounds "9"]
[EventCountry "ESP"]
[Source "Arranz, Pablo"]
[SourceDate "2010.03.29"]

1. c4 Nf6 2. Nc3 e6 3. g3 d5 4. Bg2 c6 5. Nf3 Nbd7 6. d4 Be7 7. O-O O-O 8. Qc2
b6 9. b3 Bb7 10. Bb2 Rc8 11. Rad1 b5 12. c5 b4 13. Nb1 Ne4 14. Ne1 f5 15. f3
Nef6 16. Nd3 a5 17. Nf4 Kf7 18. e4 g5 19. Nh3 Kg6 20. exf5+ exf5 21. Rfe1 Ne8
22. Bf1 Ng7 23. Bd3 Rf6 24. Nd2 Ra8 25. Nf1 Ba6 26. Bxa6 Rxa6 27. Qe2 1-0

[Event "III Memorial Pedro Lezcano Montalvo 10"]
[Site "Gran Canaria (ESP)"]
[Date "2010.04.02"]
[Round "7.14"]
[White "Menvielle Lacourrelle, Augusto"]
[Black "Acosta Sosa, Juan Manuel"]
[Result "1-0"]
[WhiteElo "2287"]
[BlackElo "2023"]
[PlyCount "69"]
[EventDate "2010.03.29"]
[EventType "swiss"]
[EventRounds "9"]
[EventCountry "ESP"]
[Source "Arranz, Pablo"]
[SourceDate "2010.03.29"]

1. e4 e5 2. Nf3 Nf6 3. d4 Nxe4 4. Bd3 d5 5. Nxe5 Nd7 6. Nxd7 Bxd7 7. O-O Bd6 8.
Qh5 Nf6 9. Re1+ Kf8 10. Qd1 Ng4 11. h3 Qh4 12. Qf3 Nf6 13. Nc3 c6 14. Ne2 Re8
15. Bf4 Bxf4 16. Nxf4 g6 17. Rxe8+ Nxe8 18. Re1 Kg7 19. g3 Qf6 20. Re5 Nd6 21.
h4 h6 22. c3 Re8 23. Qe2 a6 24. Bc2 Be6 25. Bxg6 fxg6 26. Nxe6+ Kf7 27. Nf4 b5
28. Nd3 Kf8 29. Nc5 Re7 30. Rxe7 Qxe7 31. Qxe7+ Kxe7 32. Nxa6 Nc4 33. Nb4 Kd6
34. Nd3 Ke6 35. Kf1 1-0

[Event "III Memorial Pedro Lezcano Montalvo 10"]
[Site "Gran Canaria (ESP)"]
[Date "2010.04.02"]
[Round "7.15"]
[White "Kleine, Peter"]
[Black "Gonzalez Garcia, Guillermo"]
[Result "0-1"]
[WhiteElo "1870"]
[BlackElo "2217"]
[PlyCount "102"]
[EventDate "2010.03.29"]
[EventType "swiss"]
[EventRounds "9"]
[EventCountry "ESP"]
[Source "Arranz, Pablo"]
[SourceDate "2010.03.29"]

1. b4 Nf6 2. Bb2 e6 3. b5 a6 4. a4 axb5 5. axb5 Rxa1 6. Bxa1 c5 7. c4 d5 8. e3
Nbd7 9. Nf3 Bd6 10. Nc3 O-O 11. Be2 Nb6 12. Qb3 Qc7 13. Na4 Nxa4 14. Qxa4 e5
15. cxd5 Nxd5 16. Qh4 Nf6 17. h3 Re8 18. Ng5 h6 19. Ne4 Nxe4 20. Qxe4 f5 21.
Qc2 e4 22. Bh5 Re7 23. O-O Qa5 24. Qc3 Qxb5 25. Bg6 c4 26. Rc1 Be6 27. Bb2 Rc7
28. Ra1 Bf8 29. Ra5 Qd7 30. Qe5 Rc8 31. Bxf5 Bxf5 32. Qxf5 Qxf5 33. Rxf5 Rc5
34. Rxf8+ Kxf8 35. Ba3 b6 36. Bxc5+ bxc5 37. h4 Ke7 38. Kf1 Ke6 39. Ke2 Kf5 40.
f3 g5 41. g4+ Ke5 42. h5 exf3+ 43. Kxf3 Kd5 44. Kf2 c3 45. dxc3 Ke4 46. c4 Kd3
47. Kf3 Kxc4 48. Ke4 Kb4 49. Kd3 Kb3 50. Kd2 c4 51. e4 Kb2 0-1

[Event "III Memorial Pedro Lezcano Montalvo 10"]
[Site "Gran Canaria (ESP)"]
[Date "2010.04.03"]
[Round "8.1"]
[White "Kurajica, Bojan"]
[Black "Strikovic, Aleksa"]
[Result "1/2-1/2"]
[WhiteElo "2525"]
[BlackElo "2544"]
[PlyCount "21"]
[EventDate "2010.03.29"]
[EventType "swiss"]
[EventRounds "9"]
[EventCountry "ESP"]
[Source "Arranz, Pablo"]
[SourceDate "2010.03.29"]

1. e3 e5 2. c4 Nf6 3. Nc3 Nc6 4. a3 g6 5. Nf3 Bg7 6. Qc2 O-O 7. Be2 d5 8. cxd5
Nxd5 9. O-O Nxc3 10. bxc3 Be6 11. e4 1/2-1/2

[Event "III Memorial Pedro Lezcano Montalvo 10"]
[Site "Gran Canaria (ESP)"]
[Date "2010.04.03"]
[Round "8.2"]
[White "Hernandez, Holden"]
[Black "Barlov, Dragan"]
[Result "1/2-1/2"]
[WhiteElo "2541"]
[BlackElo "2487"]
[PlyCount "93"]
[EventDate "2010.03.29"]
[EventType "swiss"]
[EventRounds "9"]
[EventCountry "ESP"]
[Source "Arranz, Pablo"]
[SourceDate "2010.03.29"]

1. e4 c5 2. Nf3 Nc6 3. d4 cxd4 4. Nxd4 Qc7 5. Nb5 Qb8 6. c4 Nf6 7. N5c3 e6 8.
a3 Be7 9. Be3 O-O 10. Be2 b6 11. b4 Rd8 12. O-O Bb7 13. Ra2 d6 14. f4 Bf8 15.
Bf3 Ne7 16. Rd2 Ng6 17. g3 Rc8 18. Qe2 Qc7 19. Rd4 e5 20. Rd3 exf4 21. gxf4
Qxc4 22. Nd2 Qc7 23. Nb5 Qb8 24. Nc3 Rc7 25. Bg2 Qc8 26. Bd4 Qg4 27. Qe1 Nh5
28. h3 Qxg2+ 29. Kxg2 Nhxf4+ 30. Kh2 Nxd3 31. Qg3 Nde5 32. h4 Nc4 33. Nxc4 Rxc4
34. Qf2 f6 35. Rg1 Ne5 36. Bxe5 dxe5 37. Nd5 Bxd5 38. exd5 Rf4 39. Qc2 Rd8 40.
Rd1 Bd6 41. Kh3 e4 42. Rd4 f5 43. Rc4 Rf3+ 44. Kg2 Rg3+ 45. Kh1 Rh3+ 46. Kg1
Rg3+ 47. Kh1 1/2-1/2

[Event "III Memorial Pedro Lezcano Montalvo 10"]
[Site "Gran Canaria (ESP)"]
[Date "2010.04.03"]
[Round "8.3"]
[White "Herrera Reyes, Jose Antonio"]
[Black "Vega Gutierrez, Sabrina Neide"]
[Result "0-1"]
[WhiteElo "2119"]
[BlackElo "2314"]
[PlyCount "94"]
[EventDate "2010.03.29"]
[EventType "swiss"]
[EventRounds "9"]
[EventCountry "ESP"]
[Source "Arranz, Pablo"]
[SourceDate "2010.03.29"]

1. e4 c5 2. Nf3 e6 3. c3 d5 4. exd5 Qxd5 5. d4 Nf6 6. Be3 cxd4 7. cxd4 Bb4+ 8.
Nc3 O-O 9. Bd3 b6 10. O-O Bxc3 11. bxc3 Bb7 12. Qc2 Nbd7 13. Rac1 Qd6 14. Nd2
Ng4 15. g3 Ndf6 16. Rce1 e5 17. dxe5 Qc6 18. f3 Nxe3 19. Rxe3 Qc5 20. Rfe1 Nd5
21. Kf2 Nxe3 22. Rxe3 h6 23. Nb3 Qc7 24. Nd4 Rfe8 25. f4 Rad8 26. Qe2 Qc5 27.
Qg4 Rxd4 28. cxd4 Qxd4 29. Qf5 g6 30. Qg4 Rxe5 31. Qe2 Rc5 32. h4 Rc1 33. Bc2
Rh1 34. Qd3 Rh2+ 35. Kg1 Rh1+ 36. Kf2 Rh2+ 37. Kg1 Rg2+ 38. Kf1 Qxd3+ 39. Bxd3
Rxa2 40. Bc4 Rc2 41. Bb3 Rc7 42. h5 gxh5 43. Re5 Rc3 44. Ba2 Ra3 45. Bc4 Ba6
46. Bxa6 Rxa6 47. Rxh5 Kg7 0-1

[Event "III Memorial Pedro Lezcano Montalvo 10"]
[Site "Gran Canaria (ESP)"]
[Date "2010.04.03"]
[Round "8.4"]
[White "Gonzalez Intelangelo, Gerardo"]
[Black "Alvarado Ascanio, Francisco"]
[Result "1/2-1/2"]
[WhiteElo "2095"]
[BlackElo "2230"]
[Annotator "Arranz,Pablo"]
[PlyCount "40"]
[EventDate "2010.03.29"]
[EventType "swiss"]
[EventRounds "9"]
[EventCountry "ESP"]
[Source "Arranz, Pablo"]
[SourceDate "2010.03.29"]

1. c4 e6 2. Nc3 f5 3. d4 Nf6 4. e3 Bb4 5. Qb3 Qe7 6. a3 Bxc3+ 7. Qxc3 b6 8. Nf3
Bb7 9. b4 a5 10. Bb2 O-O 11. Be2 axb4 12. axb4 Rxa1+ 13. Bxa1 Nc6 14. b5 Ne4
15. Qb2 Nd8 16. O-O Nf7 17. d5 Nfd6 18. Rd1 Ra8 $11 19. Nd4 e5 20. Nf3 Nf7
1/2-1/2

[Event "III Memorial Pedro Lezcano Montalvo 10"]
[Site "Gran Canaria (ESP)"]
[Date "2010.04.03"]
[Round "8.5"]
[White "Alvarado Diaz, Alejandro"]
[Black "Gutierrez Olivares, Daniel"]
[Result "0-1"]
[WhiteElo "1935"]
[BlackElo "2190"]
[PlyCount "98"]
[EventDate "2010.03.29"]
[EventType "swiss"]
[EventRounds "9"]
[EventCountry "ESP"]
[Source "Arranz, Pablo"]
[SourceDate "2010.03.29"]

1. d4 e6 2. Nf3 Nf6 3. Bg5 Be7 4. e3 b6 5. Nbd2 Bb7 6. Bd3 d6 7. Qe2 c5 8. c3
Nbd7 9. a4 a6 10. O-O O-O 11. e4 e5 12. dxe5 dxe5 13. Rfd1 Qc7 14. Nf1 Rfe8 15.
N3d2 h6 16. Be3 Bf8 17. f3 Nh5 18. g3 g6 19. Bf2 Ndf6 20. Ne3 Nh7 21. Qe1 Ng5
22. Bf1 Rad8 23. Qe2 f5 24. Bg2 f4 25. Nef1 Rd6 26. Nc4 Rf6 27. g4 Ng7 28. Na3
Bxe4 29. fxe4 f3 30. Bxf3 Rxf3 31. Kh1 N7e6 32. Bg3 Nf4 33. Bxf4 Rxf4 34. Nd2
Qc8 35. Nac4 Qc6 36. Re1 Bg7 37. Qg2 b5 38. axb5 axb5 39. Na3 Ref8 40. Re2 Qd7
41. Rg1 Qd3 42. Rf1 Qxd2 43. Rxd2 Rxf1+ 44. Qxf1 Rxf1+ 45. Kg2 Rf4 46. Nxb5
Rxg4+ 47. Kf1 Rg1+ 48. Kxg1 Nf3+ 49. Kf2 Nxd2 0-1

[Event "III Memorial Pedro Lezcano Montalvo 10"]
[Site "Gran Canaria (ESP)"]
[Date "2010.04.03"]
[Round "8.6"]
[White "Camino Carrio, Nicanor"]
[Black "Machin Arbelo, Pedro Alexis"]
[Result "1-0"]
[WhiteElo "2128"]
[BlackElo "2043"]
[PlyCount "103"]
[EventDate "2010.03.29"]
[EventType "swiss"]
[EventRounds "9"]
[EventCountry "ESP"]
[Source "Arranz, Pablo"]
[SourceDate "2010.03.29"]

1. e4 c5 2. Nf3 e6 3. d4 cxd4 4. Nxd4 Nf6 5. Nc3 Bb4 6. e5 Nd5 7. Bd2 Bxc3 8.
bxc3 O-O 9. c4 Ne7 10. Bd3 Nbc6 11. Nf3 Ng6 12. O-O Ncxe5 13. Nxe5 Nxe5 14.
Bxh7+ Kxh7 15. Qh5+ Kg8 16. Qxe5 f6 17. Qd6 b6 18. c5 bxc5 19. Rab1 Rf7 20.
Qxc5 Ba6 21. Rfe1 Qc8 22. Qd6 Qxc2 23. Be3 Qc6 24. Qb4 d5 25. Rec1 Bc4 26. Qa5
Rb7 27. Rxb7 Qxb7 28. h4 a6 29. h5 Rc8 30. h6 Qb5 31. Qc3 e5 32. hxg7 d4 33.
Bxd4 Be6 34. Bc5 Bxa2 35. Qh3 Qe8 36. Qh8+ Kf7 37. Qf8+ Kg6 38. g8=Q+ Bxg8 39.
Qd6 Qe6 40. Qd3+ Kg7 41. Qg3+ Kf7 42. Qh4 Qf5 43. Qb4 Kg6 44. Rc3 Bd5 45. Rg3+
Kf7 46. Qb6 Qd7 47. Rh3 Qc6 48. Qa7+ Ke6 49. Qe7+ Kf5 50. Rh5+ Kg4 51. Qh7 Bxg2
52. Qf5# 1-0

[Event "III Memorial Pedro Lezcano Montalvo 10"]
[Site "Gran Canaria (ESP)"]
[Date "2010.04.03"]
[Round "8.7"]
[White "Ortega Hermida, Daniel"]
[Black "Rodriguez Melian, Jose Luis"]
[Result "1-0"]
[WhiteElo "2389"]
[BlackElo "2084"]
[PlyCount "52"]
[EventDate "2010.03.29"]
[EventType "swiss"]
[EventRounds "9"]
[EventCountry "ESP"]
[Source "Arranz, Pablo"]
[SourceDate "2010.03.29"]

1. d4 Nf6 2. c4 g6 3. Nc3 d5 4. cxd5 Nxd5 5. e4 Nxc3 6. bxc3 c5 7. Nf3 Bg7 8.
Be2 O-O 9. Rb1 Qa5 10. O-O Qxa2 11. Bg5 Qe6 12. Qc2 h6 13. Be3 Qd7 14. Rfd1
cxd4 15. cxd4 b6 16. Bb5 Qb7 17. d5 Bd7 18. Bc4 Rc8 19. Qa2 Bg4 20. Be2 Bxf3
21. gxf3 Qd7 22. Kg2 Qb7 23. f4 Rc3 24. e5 Nd7 25. Bf3 Rac8 26. d6 Qb8 1-0

[Event "III Memorial Pedro Lezcano Montalvo 10"]
[Site "Gran Canaria (ESP)"]
[Date "2010.04.03"]
[Round "8.8"]
[White "Gonzalez Garcia, Guillermo"]
[Black "Cabrera Trujillo, Jorge"]
[Result "1/2-1/2"]
[WhiteElo "2217"]
[BlackElo "2370"]
[PlyCount "30"]
[EventDate "2010.03.29"]
[EventType "swiss"]
[EventRounds "9"]
[EventCountry "ESP"]
[Source "Arranz, Pablo"]
[SourceDate "2010.03.29"]

1. d4 d5 2. c4 c6 3. e3 Nf6 4. Nf3 e6 5. Nbd2 Nbd7 6. Qc2 Bd6 7. b3 b6 8. cxd5
cxd5 9. Qc6 Bb8 10. Ba3 Qc7 11. Qxc7 Bxc7 12. Rc1 Bd8 13. Bd3 Be7 14. Bxe7 Kxe7
15. Ke2 a5 1/2-1/2

[Event "III Memorial Pedro Lezcano Montalvo 10"]
[Site "Gran Canaria (ESP)"]
[Date "2010.04.03"]
[Round "8.9"]
[White "Hernando Rodrigo, Jose Maria"]
[Black "Estevez Hernandez, Cristo"]
[Result "1/2-1/2"]
[WhiteElo "2331"]
[BlackElo "1810"]
[PlyCount "114"]
[EventDate "2010.03.29"]
[EventType "swiss"]
[EventRounds "9"]
[EventCountry "ESP"]
[Source "Arranz, Pablo"]
[SourceDate "2010.03.29"]

1. d4 Nf6 2. c4 e6 3. Nc3 Bb4 4. e3 O-O 5. Nge2 b6 6. a3 Bxc3+ 7. Nxc3 Bb7 8.
Bd3 d5 9. O-O c5 10. dxc5 bxc5 11. Qc2 Nbd7 12. Rd1 Qb6 13. e4 d4 14. Na4 Qc6
15. b4 a5 16. b5 Qd6 17. Qe2 Rac8 18. Bd2 Qc7 19. Rab1 Ne5 20. f3 Nxd3 21. Qxd3
Nd7 22. Qb3 Ra8 23. Nb2 f5 24. exf5 Rxf5 25. Be1 Raf8 26. Bg3 e5 27. Nd3 Qb6
28. Re1 Qg6 29. Qd1 h5 30. Re4 Bxe4 31. fxe4 R5f6 32. Qd2 Qxe4 33. Re1 Qf5 34.
Qe2 e4 35. Nf2 e3 36. Nd3 g5 37. h3 h4 38. Bc7 a4 39. Kh1 Qe4 40. Kh2 Rf5 41.
b6 R5f6 42. Rd1 Nxb6 43. Nxc5 Qc6 44. Na6 Nxc4 45. Rxd4 Qxa6 46. Rxc4 Rc6 47.
Qxe3 Qxc4 48. Qxg5+ Kf7 49. Be5 Rg8 50. Qf5+ Ke8 51. Qh5+ Rcg6 52. Bd6 Qe6 53.
Qb5+ Qd7 54. Qe5+ Kd8 55. Qa5+ Ke8 56. Qe5+ Kd8 57. Qa5+ Ke8 1/2-1/2

[Event "III Memorial Pedro Lezcano Montalvo 10"]
[Site "Gran Canaria (ESP)"]
[Date "2010.04.03"]
[Round "8.10"]
[White "Vega Gutierrez, Belinda Vidina"]
[Black "Menvielle Lacourrelle, Augusto"]
[Result "1-0"]
[WhiteElo "2233"]
[BlackElo "2287"]
[PlyCount "57"]
[EventDate "2010.03.29"]
[EventType "swiss"]
[EventRounds "9"]
[EventCountry "ESP"]
[Source "Arranz, Pablo"]
[SourceDate "2010.03.29"]

1. e4 c5 2. Nf3 Nc6 3. d4 cxd4 4. Nxd4 Nf6 5. Nc3 d6 6. Be2 e5 7. Nb3 Be7 8.
O-O O-O 9. Be3 Be6 10. Bf3 a5 11. a4 Nb4 12. Qd2 d5 13. exd5 Nfxd5 14. Nxd5
Nxd5 15. Nc5 Nxe3 16. Qxe3 Bc4 17. Rfd1 Qb6 18. Nd7 Qxe3 19. fxe3 Rfe8 20. Nb6
e4 21. Bxe4 Be2 22. Nxa8 Bxd1 23. Nc7 Rd8 24. Nd5 Rxd5 25. Bxd5 Bxc2 26. Bxb7
g6 27. Bd5 Kg7 28. Rc1 Bd3 29. Rc7 1-0

[Event "III Memorial Pedro Lezcano Montalvo 10"]
[Site "Gran Canaria (ESP)"]
[Date "2010.04.03"]
[Round "8.11"]
[White "Lopez Colon, Francisco"]
[Black "Peinado Santana, Victor"]
[Result "1-0"]
[WhiteElo "2245"]
[BlackElo "1675"]
[PlyCount "79"]
[EventDate "2010.03.29"]
[EventType "swiss"]
[EventRounds "9"]
[EventCountry "ESP"]
[Source "Arranz, Pablo"]
[SourceDate "2010.03.29"]

1. d4 Nf6 2. c4 g6 3. Nc3 Bg7 4. e4 d6 5. f3 O-O 6. Be3 c6 7. Qd2 e5 8. O-O-O
Nbd7 9. g4 a6 10. dxe5 dxe5 11. Bh6 b5 12. Bxg7 Kxg7 13. h4 Ng8 14. g5 Qa5 15.
h5 Re8 16. hxg6 fxg6 17. Qd6 Qb6 18. Rd2 Rb8 19. Bh3 Nf8 20. c5 Qb7 21. Bf1 Re6
22. Qd3 Re8 23. Qe3 Be6 24. b3 a5 25. f4 Qf7 26. Rf2 Qd7 27. Nf3 Rbd8 28. Nxe5
Qc7 29. Rhh2 a4 30. b4 a3 31. Rd2 Ne7 32. Rxd8 Rxd8 33. Rd2 Rxd2 34. Qxd2 Nd7
35. Qd6 Qxd6 36. cxd6 Nc8 37. Nxc6 Nxd6 38. Nd4 Bc4 39. Bxc4 bxc4 40. Nc2 1-0

[Event "III Memorial Pedro Lezcano Montalvo 10"]
[Site "Gran Canaria (ESP)"]
[Date "2010.04.03"]
[Round "8.12"]
[White "Sanchez Quintero, Raul"]
[Black "Morales Camacho, Julian"]
[Result "0-1"]
[WhiteElo "2094"]
[BlackElo "2240"]
[PlyCount "58"]
[EventDate "2010.03.29"]
[EventType "swiss"]
[EventRounds "9"]
[EventCountry "ESP"]
[Source "Arranz, Pablo"]
[SourceDate "2010.03.29"]

1. e4 c5 2. Nf3 e6 3. d4 cxd4 4. Nxd4 a6 5. Bd3 Nf6 6. O-O Qc7 7. Kh1 d5 8.
exd5 Nxd5 9. c4 Nb4 10. Be2 N4c6 11. f4 Be7 12. Nf3 Nd7 13. Nc3 O-O 14. Be3 Rd8
15. Qe1 Nb4 16. Rc1 Nc5 17. Bxc5 Bxc5 18. a3 Nd3 19. Bxd3 Rxd3 20. Ne5 Rd8 21.
Ne4 Ba7 22. Rc3 f6 23. Nd3 Rd4 24. c5 Qc6 25. Ng3 a5 26. Nf5 exf5 27. Qe7 Be6
28. Ne5 fxe5 29. Rg3 g6 0-1

[Event "III Memorial Pedro Lezcano Montalvo 10"]
[Site "Gran Canaria (ESP)"]
[Date "2010.04.03"]
[Round "8.13"]
[White "Martin Hernandez, Ruben"]
[Black "Perez Aleman, Pedro Tomys"]
[Result "1/2-1/2"]
[WhiteElo "1998"]
[BlackElo "2094"]
[PlyCount "72"]
[EventDate "2010.03.29"]
[EventType "swiss"]
[EventRounds "9"]
[EventCountry "ESP"]
[Source "Arranz, Pablo"]
[SourceDate "2010.03.29"]

1. e4 c5 2. Nf3 Nc6 3. d4 cxd4 4. Nxd4 Nf6 5. Nc3 e5 6. Ndb5 d6 7. Bg5 a6 8.
Na3 b5 9. Nd5 Be7 10. Bxf6 Bxf6 11. c4 b4 12. Nc2 Rb8 13. b3 Bg5 14. g3 O-O 15.
h4 Bh6 16. Bh3 Be6 17. Qh5 Bxd5 18. cxd5 Na7 19. Bf5 Qc7 20. Ne3 Qc3+ 21. Ke2
Nb5 22. Kf3 Nd4+ 23. Kg2 Qb2 24. Nc4 Qc2 25. Rhc1 Qe2 26. Qxe2 Nxe2 27. Re1 Nd4
28. Rad1 Nxf5 29. exf5 Rfd8 30. Re4 Rb5 31. Kf3 Kf8 32. f6 gxf6 33. Kg4 Ke7 34.
Rd3 Rc8 35. Re1 Rcc5 36. Red1 Rc8 1/2-1/2

[Event "III Memorial Pedro Lezcano Montalvo 10"]
[Site "Gran Canaria (ESP)"]
[Date "2010.04.03"]
[Round "8.14"]
[White "Lopez Pereyra, Antonio"]
[Black "Rodriguez Mellado, Antonio"]
[Result "1-0"]
[WhiteElo "2097"]
[BlackElo "1701"]
[PlyCount "73"]
[EventDate "2010.03.29"]
[EventType "swiss"]
[EventRounds "9"]
[EventCountry "ESP"]
[Source "Arranz, Pablo"]
[SourceDate "2010.03.29"]

1. e4 e5 2. Nf3 Nc6 3. d4 exd4 4. c3 dxc3 5. Nxc3 d6 6. Bc4 Nf6 7. Qb3 Qd7 8.
Ng5 Ne5 9. Bb5 c6 10. f4 cxb5 11. fxe5 dxe5 12. Be3 b4 13. Rd1 Qe7 14. Bc5 Be6
15. Nxe6 Qxe6 16. Qxb4 Bxc5 17. Qxc5 a6 18. O-O Nd7 19. Qa3 Qb6+ 20. Kh1 Qc5
21. b4 Qc6 22. Nd5 Rd8 23. Rc1 Qd6 24. Nc7+ Kf8 25. Rfd1 Qe7 26. Nd5 Qd6 27.
Ne3 Qe6 28. Nf5 g6 29. Rd6 Qe8 30. Ne3 Qe7 31. b5 Kg7 32. Rxg6+ Kf8 33. Rd6 Kg7
34. Nf5+ Kf8 35. Nxe7 Kxe7 36. Rc7 Ke8 37. Qd3 1-0

[Event "III Memorial Pedro Lezcano Montalvo 10"]
[Site "Gran Canaria (ESP)"]
[Date "2010.04.03"]
[Round "8.15"]
[White "Sanchez Montesdeoca, Isaac"]
[Black "Rodriguez Perez, David"]
[Result "0-1"]
[WhiteElo "1668"]
[BlackElo "2032"]
[PlyCount "42"]
[EventDate "2010.03.29"]
[EventType "swiss"]
[EventRounds "9"]
[EventCountry "ESP"]
[Source "Arranz, Pablo"]
[SourceDate "2010.03.29"]

1. e4 c5 2. Nf3 d6 3. d4 cxd4 4. Nxd4 Nf6 5. Nc3 g6 6. Be3 Bg7 7. f3 O-O 8. Qd2
Nc6 9. Bc4 Bd7 10. O-O-O Rb8 11. h4 Na5 12. Bb3 b5 13. g4 Nc4 14. Bxc4 bxc4 15.
Bh6 Qb6 16. b3 cxb3 17. axb3 Bxh6 18. Qxh6 Qb4 19. Qe3 Rfc8 20. Rd3 Qa5 21. Kd1
Rxc3 0-1

[Event "III Memorial Pedro Lezcano Montalvo 10"]
[Site "Gran Canaria (ESP)"]
[Date "2010.04.04"]
[Round "9.1"]
[White "Vega Gutierrez, Sabrina Neide"]
[Black "Kurajica, Bojan"]
[Result "1/2-1/2"]
[WhiteElo "2314"]
[BlackElo "2525"]
[PlyCount "30"]
[EventDate "2010.03.29"]
[EventType "swiss"]
[EventRounds "9"]
[EventCountry "ESP"]
[Source "Arranz, Pablo"]
[SourceDate "2010.03.29"]

1. e4 c6 2. d4 d5 3. Nc3 dxe4 4. Nxe4 Bf5 5. Ng3 Bg6 6. h4 h6 7. Nf3 Nd7 8. h5
Bh7 9. Bd3 Bxd3 10. Qxd3 e6 11. Bf4 Qa5+ 12. Bd2 Qc7 13. O-O-O Ngf6 14. c4 Bd6
15. Ne4 Nxe4 1/2-1/2